Регионална библиотека "Любен Каравелов" - Русе

Любовта на ястреба (Запис номер 15338)

MARC детайли
000 -Лидер
Контролно поле с фиксирана дължина 01068nam a2200277 c 4500
003 - Код на организацията, давaща контролен номер
Контролно поле BLK
005 - Дата и час на последна редакция
Контролно поле 20180420215039.0
008 - Елементи от данни с фиксирана дължина
fixed length control field 180413b bul|||||r ||||||| ||bul||
010 ## - Наследен системен номер
LC control number KNG00017114000
020 ## - Международен стандартен номер на книга ISBN
Международен стандартен номер на книга ISBN 954-90220-3-Х
-- издат.: Ясия
040 ## - Източник на каталожния запис
Идентификатор на билиотеката - собственик на записа BLK
080 ## - УДК
Текстов определител УДК Българска литература
УДК код - определител по УДК 821.163.2
УДК определител -93-32
УДК - код + определител 821.163.2-93-32
100 1# - Редна дума - Автор
Автор Ерулски, Иван
Авторска отговорност първи автор
Автор - информация (биография) Гюров, Иван Тасов
R(LIN) 67568
139 ## - Редно поле
Редна дума Ерулски, Иван
Авторски знак Еру - Е 84
245 10 - Сведения за заглавието
Заглавие Любовта на ястреба
Подзаглавни данни Разказ за деца
Редно поле (дума) Иван Ерулски; Иван Тасов Гюров.
260 ## - Област на издателските данни
-- Перник
Име на издателя, разпространителя и проч. Ясия
Година на издаване 1997
300 ## - Физическа характеристика
Страници 14 с.
Илюстрации и др. с ил.
Размери/Мащаб 20 см
380 ## - Жанр
Жанр Детска худож. лит.
500 ## - Общи забележки
Забележка Иван Ерулски - псевд. на Иван Тасов Гюров. - 1 000 тир.
700 1# - Други автори (авторска отговорност)
Лично име Гюров, Иван Тасов
9 (RLIN) 255688
852 ## - Местоположение
Форматна сигнатура Цб 192565
856 4# - Електронен адрес и достъп
Електронен формат pdf - файл
Път до файла /url/
856 4# - Електронен адрес и достъп
Електронен формат pdf - файл
Път до файла /url/
942 ## - АРТИКУЛИ
Вид на библиотечния материал Книги
Скрит в OPAC Не
944 ## - СЪЗДАВАНЕ И РЕДАКЦИЯ на ЗАПИСА
Създаване/Редакция Създаване
Дата на регистрацията/редакция 31.03.2003
Служител, извършил регистрацията/редакцията Теодора_Стоянова
944 ## - СЪЗДАВАНЕ И РЕДАКЦИЯ на ЗАПИСА
Създаване/Редакция Редакция
Дата на регистрацията/редакция 12.12.2003
Служител, извършил регистрацията/редакцията
999 ## - СИСТЕМНИ КОНТРОЛНИ НОМЕРА
Koha biblionumber 15338
Koha biblioitemnumber 15338
Наличности
Код за отписване Код за изгубен артикул Източник на класификационната схема Код за повреда Коз за рестрикции Код за отдаване Артикулен № Име на библиотеката - собственик Име на библиотеката, в която се намира в момента Статус (Текущо местоположение) Дата на вписване в системата Местоположение - отдел Цена в лева Инвентарен номер Систематично азбучна сигнатура Баркод Номер на екземпляра Цена в евро Служебен тип на артикула
  Не е изгубен Universal Decimal Classification Не е повреден без рестрикции ползва се в читалня 26056 Регионална библиотека "Любен Каравелов" Русе Регионална библиотека "Любен Каравелов" Русе Хранилище 2001-01-01 Хранилище 0.00 631929 Цб 192565 120000631929 1 0.00 Книги
Vip Innovations Ltd, Rousse, Bulgaria 2025